AH International Schools' Libraries

(Khmer) 365 day calendar vision / (Record no. 48929)

MARC details
000 -LEADER
fixed length control field 00267nam a2200109 4500
020 ## - INTERNATIONAL STANDARD BOOK NUMBER
International Standard Book Number 9789924923800
245 ## - TITLE STATEMENT
Title (Khmer) 365 day calendar vision /
Statement of responsibility, etc Lam Lim.
250 ## - EDITION STATEMENT
Edition statement 5th.
260 ## - PUBLICATION, DISTRIBUTION, ETC. (IMPRINT)
Place of publication, distribution, etc Cambodia:
Date of publication, distribution, etc 2018.
300 ## - PHYSICAL DESCRIPTION
Extent 310 p.
Dimensions 22 cm.
942 ## - ADDED ENTRY ELEMENTS (KOHA)
Source of classification or shelving scheme
Koha item type Khmer NON FIC Books
Holdings
Withdrawn status Lost status Source of classification or shelving scheme Damaged status Not for loan Collection code Home library Current library Shelving location Date acquired Full call number Barcode Date last seen Price effective from Koha item type
          Siem Riep Asian Hope Secondary Library Asian Hope Secondary Library   05/14/2025 KHMER 170 LAM 208317 01/16/2026 05/14/2025 Khmer NON FIC Books

For any Logos Library related questions please contact Miss Art at swongnarasuk@asianhope.org.

For any Asian Hope Library related questions please contact Miss Raza at graza@asianhope.org.

Click here to explore our ebooks!

Powered by Koha